Le questionnaire (notice n° 1925086)

détails MARC
000 -LEADER
fixed length control field 01281cam a2200133 4500500
005 - DATE AND TIME OF LATEST TRANSACTION
control field 20260329023140.0
041 ## - LANGUAGE CODE
Language code of text/sound track or separate title fre
042 ## - AUTHENTICATION CODE
Authentication code dc
100 10 - MAIN ENTRY--PERSONAL NAME
Personal name de Singly, François
Relator term author
245 00 - TITLE STATEMENT
Title Le questionnaire
260 ## - PUBLICATION, DISTRIBUTION, ETC.
Name of publisher, distributor, etc. Armand Colin,<br/>
Date of publication, distribution, etc. 2020.<br/>
520 ## - SUMMARY, ETC.
Summary, etc. Cet ouvrage répond à deux questions indissociables : à quoi servent les enquêtes par questionnaire ? Comment produire de « bons chiffres » ?Grâce à de nombreuses enquêtes, il permet d’acquérir une double compétence : d’une part, celle de la sociologie explicative, avec la recherche des déterminants sociaux des comportements ; d’autre part, celle des règles de la formulation des questions, le choix de l’échantillon, le codage et surtout les principes de lecture des tableaux statistiques. Tous ces actes mêlent réflexion théorique sur l’objet étudié et décision empirique. Et ce sont ces allers et retours entre les deux niveaux qui forment le raisonnement sociologique.Réactualisé dans cette 5e édition, l’ouvrage s’adresse aux étudiants en sciences sociales, aux chargés d’études, aux travailleurs sociaux et aux cadres des collectivités locales.
856 41 - ELECTRONIC LOCATION AND ACCESS
Uniform Resource Identifier <a href="https://shs.cairn.info/le-questionnaire--9782200626877?lang=fr&redirect-ssocas=7080">https://shs.cairn.info/le-questionnaire--9782200626877?lang=fr&redirect-ssocas=7080</a>

Pas d'exemplaire disponible.

PLUDOC

PLUDOC est la plateforme unique et centralisée de gestion des bibliothèques physiques et numériques de Guinée administré par le CEDUST. Elle est la plus grande base de données de ressources documentaires pour les Étudiants, Enseignants chercheurs et Chercheurs de Guinée.

Adresse

627 919 101/664 919 101

25 boulevard du commerce
Kaloum, Conakry, Guinée

Réseaux sociaux

Powered by Netsen Group @ 2025